Výpočet a zaúčtovanie miezd vo výrobnej spoločnosti bakalárska práca

Saved in:
Bibliographic Details
Main Author: Jandová, Paulína
Corporate Author: Fakulta hospodárskej informatiky EU. Katedra účtovníctva a audítorstva
Other Authors: Stanley, Renáta, 1981-
Format: Book
Language:Slovak
Published: Bratislava 2024
Tags: Add Tag
No Tags, Be the first to tag this record!

MARC

LEADER 00000nbm a2200000 4500
001 0302567
005 20250904105608.5
041 0 |a slo 
044 |a SK 
245 1 0 |a Výpočet a zaúčtovanie miezd vo výrobnej spoločnosti  |b bakalárska práca  |c Paulína Jandová ; školiteľ: Renáta Stanley 
264 1 |a Bratislava  |c 2024 
300 |a 53 s. 
100 1 |a Jandová, Paulína 
700 1 |a Stanley, Renáta, 1981- 
710 2 |a Fakulta hospodárskej informatiky EU. Katedra účtovníctva a audítorstva